Desarrollo de un programa en Matlab para la identificación de modelos de alto orden mediante la respuesta a la señal escalón / Roberto Manra Villarrejo (Registro nro. 16083)
[ vista simple ]
| 000 -LÍDER | |
|---|---|
| fixed length control field | 00591nam a2200133 4500 |
| 008 - ELEMENTOS DE LONGITUD FIJA -- INFORMACIÓN GENERAL | |
| fixed length control field | 0 2004 0a 000 0MEX |
| 050 ## - SIGNATURA TOPOGRAFICA DE LA BIBLIOTECA DEL CONGRESO (LC) | |
| Número de Clasificación | QA76.2154 M6 M3 2004 |
| 082 ## - NUMERO DE CLASIFICACION DECIMAL DEWEY | |
| Número de Clasificación | 001.6425 M266d |
| 100 ## - ASIENTO PRINCIPAL--NOMBRE PERSONAL | |
| Nombre personal | Manra Villarrejo, Roberto |
| 245 ## - TÍTULO | |
| Título | Desarrollo de un programa en Matlab para la identificación de modelos de alto orden mediante la respuesta a la señal escalón / Roberto Manra Villarrejo |
| 300 ## - DESCRIPCIÓN FÍSICA | |
| Extensión | 62 p. / 29 cm. |
| 502 ## - NOTA DE TESIS | |
| Nota de tesis | Monografía. Opción v. I.T.Z. (Sist. Computacionales) Ing. Roberto Ortíz Delgadillo |
| 650 ## - ASIENTO SECUNDARIO DE MATERIA - TERMINO TEMÁTICO | |
| Término temático o nombre geográfico como elemento de entrada | 1. CONTROL AUTOMATICO \ 2. PROGRAMA EN MATLAB |
| No. biblioteca | No. biblioteca | Número de clasificación | Código de barras/Número de adquisición | Número de copia | Tipo de material |
|---|---|---|---|---|---|
| LUIS G. INCLAN | LUIS G. INCLAN | 001.6425 M266d | SC111-2004 | 1 | Libros |
